000 00459nam a2200145 a 4500
001 000041787
005 20201002035744.0
008 131017s1998 dr 000 0 spa d
040 _aDO-SdBNP
_bspa
_cBNPHU
100 1 _aCuesto R., Manuel A.
_968647
245 1 0 _aMaestria de ceremonias /
_cManuel A. Cuestro R.
260 _aSanto Domingo :
_bDe León,
_c1998.
300 _a67 p. ;
_c18 cm.
500 _aIncluye datos biográficos del autor en la contracubierta
999 _c41276
_d41276